00365nam a22001097a 450000500170000000800410001702000220005810000460008024500370012626000690016330000230023220250129130923.0250129b |||||||| |||| 00| 0 eng d a978-978-996-504-5 aDatiri, Dachollom C.d2020f1996lEnglish aFinances In The Pauline Churches aUnited Kingdom:bBaraka Press,eLynx fLynx Communicationsg1996 axxvii,323ps.c21cm